Manual de pruebas de ejercicio y rehabilitación cardiaca y pulmonar / (Registro nro. 2173)
[ vista simple ]
| 000 -LEADER | |
|---|---|
| fixed length control field | 01366nam a2200337 a 4500 |
| 005 - FECHA ULTIMA MODIFICACION | |
| control field | 20240506133837.0 |
| 008 - CAMPO DE CONTROL (LIBRO) | |
| fixed length control field | 100518t1996||||ag a f |||| 001 0 spa d |
| 020 ## - INTERNATIONAL STANDARD BOOK NUMBER | |
| ISBN | 9879500369 |
| 041 ## - CODIGO DE IDIOMA | |
| Código de idioma del texto/pista de sonido o título separado | spa |
| 092 ## - SIGNATURA TOPOGRAFICA DEWEY LOCAL | |
| número de clasificación | 616.2 |
| libristica | 98 |
| sección | ZAV |
| 100 1# - ENTRADA PRINCIPAL--NOMBRE PERSONAL | |
| Nombre personal | Zavala, Donald C. |
| 9 (RLIN) | 3754 |
| 245 ## - TITULO PROPIAMENTE DICHO | |
| Título | Manual de pruebas de ejercicio y rehabilitación cardiaca y pulmonar / |
| Mención de responsabilidad y remanente de la transcripción de la portada | Donald C. Zavala |
| 250 ## - MENCION DE EDICION | |
| Mención de edición | 1a ed. |
| 260 ## - PIE DE IMPRENTA | |
| Lugar de publicación, distribución, etc | Buenos Aires: |
| Nombre de la editorial, distribuidor, etc | Centro Editor de la Fundación Favaloro; |
| Fecha de publicación | 1996. |
| 300 ## - DESCRIPCION FISICA | |
| Extension | 325 p. |
| 500 ## - NOTA GENERAL | |
| Nota general | Zavala, D. y Mazzei, J. A. M. (1996). Manual de pruebas de ejercicio y rehabilitación cardíaca y pulmonar. (1a ed.). Buenos Aires : Centro Editor Fundación Favaloro. |
| 653 ## - TÉRMINO INDIZADO - PALABRAS CLAVES | |
| Palabra clave | Fisiología del ejercicio: información básica |
| 653 ## - TÉRMINO INDIZADO - PALABRAS CLAVES | |
| Palabra clave | Preparación para la prueba de ejercicio |
| 653 ## - TÉRMINO INDIZADO - PALABRAS CLAVES | |
| Palabra clave | Equipo de ejercicio |
| 653 ## - TÉRMINO INDIZADO - PALABRAS CLAVES | |
| Palabra clave | Protocolos de ejercicio |
| 653 ## - TÉRMINO INDIZADO - PALABRAS CLAVES | |
| Palabra clave | Miscelanea matemática |
| 653 ## - TÉRMINO INDIZADO - PALABRAS CLAVES | |
| Palabra clave | Interpretación de los resultados del ejercicio. El programa paso a paso |
| 653 ## - TÉRMINO INDIZADO - PALABRAS CLAVES | |
| Palabra clave | Redacción del informe |
| 653 ## - TÉRMINO INDIZADO - PALABRAS CLAVES | |
| Palabra clave | Información de un caso con su interpretación paso a paso |
| 653 ## - TÉRMINO INDIZADO - PALABRAS CLAVES | |
| Palabra clave | Comunicación de casos seleccionados |
| 653 ## - TÉRMINO INDIZADO - PALABRAS CLAVES | |
| Palabra clave | Comentarios de importancia clínica |
| 653 ## - TÉRMINO INDIZADO - PALABRAS CLAVES | |
| Palabra clave | Incapacidad |
| 653 ## - TÉRMINO INDIZADO - PALABRAS CLAVES | |
| Palabra clave | Rehabilitación cardíaca y pulmonar |
| 700 1# - ENTRADAS SECUNDARIAS - NOMBRE PERSONAL | |
| Nombre personal | Mazzei, Juan Antonio M. |
| 9 (RLIN) | 3755 |
| 942 ## - ADDED ENTRY ELEMENTS (KOHA) | |
| Source of classification or shelving scheme | Dewey Decimal Classification |
| Item type | Libros |
| Estado de retiro | Existencia | Fuente de clasificación | Estado general | No para prestamo | Ubicación permanente | ubicación actual | Sala de ubicación | Fecha de adquisición | Fuente de adquisición | Total Checkouts | Número de clasificación | Código de barras | Date last seen | Número de ejemplar | Price effective from | Koha tipo de elemento (item) | Public note |
|---|---|---|---|---|---|---|---|---|---|---|---|---|---|---|---|---|---|
| Dewey Decimal Classification | Biblioteca Medicina | Biblioteca Medicina | Circulación | 01/07/2015 | Donación Manuel Ciruzzi, Junio 2015 | 612.1 98 ZAV | 3502 | 01/07/2015 | Ej. 1 | 01/07/2015 | Libros | Donación Manuel Ciruzzi, Junio 2015 |